000 00460nam a2200193Ia 4500
003 OSt
005 20251205094505.0
008 250729s2003 xx 000 0 und d
020 _a978-8171413904
040 _cAL
041 _aeng
082 _a370.78 REDR
100 _aReddy G L
_9225687
245 _aRole performance of adult education teachers
260 _aNew Delhi
_c2003
300 _a129p
650 _aEducation
_9225688
942 _2ddc
_cBED
999 _c237033
_d237033